British Policy Toward Sindh (Record no. 5031)

MARC details
000 -LEADER
fixed length control field 00487cam a2200193ua 4500
001 - CONTROL NUMBER
control field 5882
005 - DATE AND TIME OF LATEST TRANSACTION
control field 20260515113941.0
008 - FIXED-LENGTH DATA ELEMENTS--GENERAL INFORMATION
fixed length control field 131026n ii |||gr||||Z||||||eng
040 ## - CATALOGING SOURCE
Transcribing agency MAIN
082 ## - DEWEY DECIMAL CLASSIFICATION NUMBER
Classification number 954
100 1# - MAIN ENTRY--PERSONAL NAME
Personal name Khera,P.N,
Relator term Author.
245 11 - TITLE STATEMENT
Title British Policy Toward Sindh
Statement of responsibility, etc. by P.N Khera
250 ## - EDITION STATEMENT
Edition statement 2nd ed.
260 ## - PUBLICATION, DISTRIBUTION, ETC.
Place of publication, distribution, etc. Delhi:
Name of publisher, distributor, etc. Ranjit Printers &Publishers,
Date of publication, distribution, etc. 1963.
300 ## - PHYSICAL DESCRIPTION
Extent 101p.
653 ## - INDEX TERM--UNCONTROLLED
Uncontrolled term South Asia India
653 ## - INDEX TERM--UNCONTROLLED
Uncontrolled term British Policy Toward Sindh
942 ## - ADDED ENTRY ELEMENTS (KOHA)
Koha item type Books
Holdings
Withdrawn status Lost status Damaged status Not for loan Home library Current library Shelving location Date acquired Total checkouts Full call number Barcode Date last seen Date last checked out Copy number Price effective from Koha item type
        Naharkatiya College Library Naharkatiya College Library General stacks 09/19/2020 1 954 | KHE 3828 02/16/2023 02/02/2023 1 09/19/2020 Books